00967nam a2200277Ia 4500001000900000003000500009005001700014008004100031010001100072020001800083040000900101082001400110100003200124245006900156260004000225300001100265500002500276503000800301901001400309902000600323905006300329942001500392999001900407952013000426952013300556dia_3323CHAP20230518120108.0220117s1992 xx 000 0 und d a173795 a0-534-15162-0 cCHAP a581.1 S3Y aSalisbury, Frank B.9101737 aFisiología Vegetal /c por Frank B. Salisbury y Cleon W. Ross aMéxico :b Iberoamericana,c1992 a759 P. aLa C.2, es Fotocopia aC/E a581.1 S3Y aM a0000001992 MX A 0000000000SPA00 cLIBRO2ddc c173795d173795 00102ddc40708GRALaIA_bIA_d2022-01-18f1l3o581.1 S3Ypdia_4887r2023-05-19 00:00:00s2023-05-19t1w2022-01-18yLIBRO 00102ddc40708GRALaIA_bIA_d2022-01-18f1l6m2o581.1 S3Ypdia_4868r2025-10-13 13:33:47s2025-09-29t2w2022-01-18yLIBRO